The Himaayan Musk Deer/ (Record no. 189006)

MARC details
000 -LEADER
fixed length control field 00555nam a2200181 4500
005 - DATE AND TIME OF LATEST TRANSACTION
control field 20220609121143.0
010 ## - LCCN (DPL NO)
LC control number ENG-133158
020 ## - INTERNATIONAL STANDARD BOOK NUMBER
International Standard Book Number 978-93-80658-71-1
Terms of availability 835.00
035 ## - SYSTEM CONTROL NUMBER
System control number EN-116690
037 ## - SOURCE OF ACQUISITION
Source of stock number/acquisition DBAD/PUB
082 ## - DEWEY DECIMAL CLASSIFICATION NUMBER
Classification number 835
100 ## - MAIN ENTRY--PERSONAL NAME
Personal name Parthasarathy, R.
245 ## - TITLE STATEMENT
Title The Himaayan Musk Deer/
Remainder of title Parthasarathy, R.
260 ## - PUBLICATION, DISTRIBUTION, ETC. (IMPRINT)
Name of publisher, distributor, etc East West Publisher
Date of publication, distribution, etc 2013
Place of publication, distribution, etc Bangalore
270 ## - ADDRESS
Address No.36/10(New no.5).Raghava Nagar, New Timar Yard Layout
City Bangalore
Postal code 560026
300 ## - PHYSICAL DESCRIPTION
Extent xix,302p.
Dimensions 22cm(pbk)
942 ## - ADDED ENTRY ELEMENTS (KOHA)
Source of classification or shelving scheme Dewey Decimal Classification
Item type English Books
Classification part 835
Call number suffix PAR
Holdings
Withdrawn status Lost status Not for loan Collection code Home library Current library Date acquired Source of acquisition Cost, normal purchase price Full call number Barcode Copy number Cost, replacement price Koha item type
      Non-fiction Ashok Vihar Ashok Vihar 09/06/2022 DBAD/PUB 835.00 835 PAR EN-116690 1 835.00 English Books

© Delhi Public Library
Hit Counter
free hit counter